Contemporary Abstract Algebra (Record no. 541222)

000 -LEADER
fixed length control field 00914cam a2200289 a 4500
001 - CONTROL NUMBER
control field 15501406
003 - CONTROL NUMBER IDENTIFIER
control field NUST
005 - DATE AND TIME OF LATEST TRANSACTION
control field 20210112112920.0
008 - FIXED-LENGTH DATA ELEMENTS--GENERAL INFORMATION
fixed length control field 081027s2010 caua 001 0 eng
010 ## - LIBRARY OF CONGRESS CONTROL NUMBER
LC control number 2008940386
020 ## - INTERNATIONAL STANDARD BOOK NUMBER
International Standard Book Number 9781133606758
020 ## - INTERNATIONAL STANDARD BOOK NUMBER
International Standard Book Number 9781133606758
038 ## - RECORD CONTENT LICENSOR
Staff Name SNS Library Staff
040 ## - CATALOGING SOURCE
Original cataloging agency DLC
Transcribing agency DLC
050 00 - LIBRARY OF CONGRESS CALL NUMBER
Classification number QA162
Item number .G34 2010
082 ## - DEWEY DECIMAL CLASSIFICATION NUMBER
Classification number 512.02 GAL 2013
100 1# - MAIN ENTRY--PERSONAL NAME
Personal name Gallian, Joseph A.
9 (RLIN) 35575
245 10 - TITLE STATEMENT
Title Contemporary Abstract Algebra
Statement of responsibility, etc. Joseph A. Gallian.
250 ## - EDITION STATEMENT
Edition statement 8th ed.
260 ## - PUBLICATION, DISTRIBUTION, ETC.
Place of publication, distribution, etc. Belmont, CA :
Name of publisher, distributor, etc. Brooks/Cole, Cengage Learning,
Date of publication, distribution, etc. c2010.
300 ## - PHYSICAL DESCRIPTION
Extent xiii, 583, 53 p. :
Other physical details ill. ;
Dimensions 24 cm.
500 ## - GENERAL NOTE
General note Includes index.
650 #0 - SUBJECT ADDED ENTRY--TOPICAL TERM
Topical term or geographic name entry element Algebra, Abstract
Form subdivision Textbooks.
9 (RLIN) 35576
906 ## - LOCAL DATA ELEMENT F, LDF (RLIN)
a 7
b cbc
c orignew
d 3
e epcn
f 20
g y-gencatlg
942 ## - ADDED ENTRY ELEMENTS (KOHA)
Source of classification or shelving scheme
Koha item type Book
Call number prefix 512.02 GAL 2013
Holdings
Withdrawn status Lost status Source of classification or shelving scheme Damaged status Not for loan Permanent Location Current Location Shelving location Date acquired Total Checkouts Full call number Barcode Checked out Date last seen Date last checked out Price effective from Koha item type
          School of Natural Sciences (SNS) School of Natural Sciences (SNS) General Stacks 10/28/2020 4 512.02 GAL 2013 SNS0003184 12/11/2025 11/11/2025 11/11/2025 01/12/2021 Book
© 2023 Central Library, National University of Sciences and Technology. All Rights Reserved.